ბათუმის შოთა რუსთაველის სახელმწიფო უნივერსიტეტის ბიბლიოთეკა

ოჯახი და საოჯახო ყოფა თურქეთელ ქართველებში = Turkish Georgian's family mode of life in Hayriye village : (ბიბ.ჩანაწერი № 47809)

000 -ლიდერი
ფიქსირებული სიგრძის საკონტროლო ველი 01497nam a2200265Ia 4500
001 - საკონტროლო ნომერი
საკონტროლო ველი 14683
003 - საკონტროლო ნომრის იდენტიფიკატორი
საკონტროლო ველი GE_BSU
005 - ბოლო ოპერაციის თარიღი და დრო
საკონტროლო ველი 20191024143959.0
008 - ფიქსირებული სიგრძის მონაცემთა ელემენტები - ზოგადი ინფორმაცია
ფიქსირებული სიგრძის საკონტროლო ველი 181216s2012||||ge |||||||||||||| ||geo||
020 ## - წიგნის საერთაშორისო სტანდარტული ნომერი
International Standard Book Number 9789941927409
040 ## - კატალოგიზაციის წყარო
Transcribing agency GE_BSU
041 ## - ენის კოდი
Language code of text/sound track or separate title geo
080 ## - უნივერსალური ათობითი კლასიფიკაციის ინდექსი
Universal Decimal Classification number 392.3(=351.1)(560)+39(=351.1)(560)+94(351.1)(560)+325.254.5/6 ო-97
100 ## - მთავარი ჩანაწერი - პიროვნების სახელი
Personal name ოქროსცვარიძე, ნინო
9 (RLIN) 4993
245 ## - ცნობა სათაურის შესახებ
Title ოჯახი და საოჯახო ყოფა თურქეთელ ქართველებში = Turkish Georgian's family mode of life in Hayriye village :
Remainder of title ინეგოლის რ-ნის სოფ. ჰაირიეს მოსახლეობის მაგალითზე /
Statement of responsibility, etc ნინო ოქროსცვარიძე ; კავკასიოლოგიის საერთაშ. კვლევითი ინ-ტი.
264 ## - წარმოების, გამოცემის, დისტრიბუციის და სხვა ცნობები
გამოცემის, წარმოების, დისტრიბუციის... ადგილი თბილისი,
გამოცემის, წარმოების, დისტრიბუციის... თარიღი 2012.
300 ## - ფიზიკური აღწერა
Extent 316 გვ. :
Other physical details ილ.;
Dimensions 20 სმ.
500 ## - ზოგადი შენიშვნა
General note თავფურ. ქართ. და ინგლ..
501 ## - შენიშვნა თანმხლებ მასალაზე
With note დანართები: გვ. 229-311.
504 ## - BIBLIOGRAPHY, ETC. NOTE
Bibliography, etc ბიბლიოგრ.: გვ. 222-228.
520 ## - SUMMARY, ETC.
Summary, etc რეზ. ინგლ..
653 ## - INDEX TERM--UNCONTROLLED
Uncontrolled term საოჯახო ყოფა თურქეთის საქართველოში
710 ## - ADDED ENTRY--CORPORATE NAME
Corporate name or jurisdiction name as entry element კავკასიოლოგიის საერთაშ. კვლევითი ინ-ტი
9 (RLIN) 4994
942 ## - ADDED ENTRY ELEMENTS (KOHA)
Koha item type წიგნი
Source of classification or shelving scheme
ეგზემპლარები
ჩამოწერის სტატუსი დაკარგული ეგზემპლარის სტატუსი კლასიფიკაციის წყარო ან თაროზე გაწყობის სქემა დაზიანების სტატუსი არ გაიცემა მუდმივი მდებარეობა (დაცვის ადგილი) ამჟამინდელი ადგილსამყოფელი თაროზე განთავსების ადგილი შეძენის თარიღი სრული შენახვის შიფრი შტრიხკოდი ბოლო ოპერაციის თარიღი ეგზემპლარის მიმდევრობითი ნომერი (კეტერი?) ფასის ძალაში შესვლის თარიღი ეგზემპლარის სახეობა
          ბათუმის შოთა რუსთაველის სახელმწიფო უნივერსიტეტის მთავარი ბიბლიოთეკა ბათუმის შოთა რუსთაველის სახელმწიფო უნივერსიტეტის მთავარი ბიბლიოთეკა წიგნსაცავი 2018-12-17 392.3(=351.1)(560)+39(=351.1)(560)+94(351.1)(560)+325.254.5/6 ო-97 6469 2018-12-17 6469 2018-12-17 წიგნი